Joueurs champions de Ligue 1 - Mort subite - Statistiques

Statistiques générales
  • Ce quiz a été pris 1 937 fois
  • Le résultat moyen est 6 sur 20
Answers on the Grid
Answers color-coded by a green-red scale on the quiz's grid according to % correct below.
Neymar
Kevin Gameiro
Ronaldinho
Antoine Griezmann
Benjamin André
Bernardo Silva
Jesé
Hugo Ekitike
David Ginola
Franck Ribéry
Mathieu Valbuena
Adil Rami
Hugo Lloris
Adriano
David Beckham
Victor Osimhen
Antoine Kombouaré
Mathieu Bodmer
Christophe Jallet
Christophe Galtier
George Weah
Rémy Cabella
Bafétimbi Gomis
Kylian Mbappé
Sven Botman
Laurent Blanc
Yoann Gourcuff
Zinédine Zidane
Bixente Lizarazu
Dimitri Payet
Steve Mandanda
Mario Balotelli
 
Statistiques - réponses
Réponse % Correct
Kylian Mbappé
59%
Neymar
58%
Hugo Ekitike
39%
Bernardo Silva
37%
David Beckham
35%
Christophe Jallet
33%
Steve Mandanda
29%
Benjamin André
28%
Jesé
27%
Kevin Gameiro
24%
Yoann Gourcuff
24%
Adil Rami
23%
Mathieu Valbuena
22%
Sven Botman
22%
Rémy Cabella
21%
Laurent Blanc
20%
George Weah
18%
David Ginola
16%
Mathieu Bodmer
12%
Antoine Kombouaré
9%
Aucun quiz correspondant
Distribution des résultats
% des personnes avec chaque résultat
Percentile par nombre de réponses
Votre historique - résultats
Vous n’avez pas pris ce quiz